000 00285nam a2200109Ia 4500
008 200302s9999 xx 000 0 und d
100 _aD. Kirk & Other
245 _aServices Heating and Equipment for Home Economists
260 _bEllis Horwood Ltd.
260 _c1982
300 _a309 P.,
999 _c2176
_d2176